Normal view
MARC view
- Aga Khan Trust for Culture. -- Historic Cities Programme -- Pictorial works
Entry Topical Term
001 - CONTROL NUMBER
- control field: 88394
003 - CONTROL NUMBER IDENTIFIER
- control field: NUST
005 - DATE AND TIME OF LATEST TRANSACTION
- control field: 20220114113815.0
008 - FIXED-LENGTH DATA ELEMENTS
- fixed length control field: 220114|| aca||aabn | a|a d
040 ## - CATALOGING SOURCE
- Original cataloging agency: NUST
- Transcribing agency: NUST
150 ## - HEADING--TOPICAL TERM
- Topical term or geographic name entry element: Aga Khan Trust for Culture. -- Historic Cities Programme -- Pictorial works
670 ## - SOURCE DATA FOUND
- Source citation: Work cat.: (NUST): Jodidio, Philip 88393, Heritage Of The Mughal World : The Aga Khan Historic Cities Programme, 2015.
